| 000 | 00622nam a22001937a 4500 | ||
|---|---|---|---|
| 999 |
_c178883 _d178883 |
||
| 005 | 20210422163047.0 | ||
| 010 | _aUR-11096 | ||
| 020 |
_c150.00 _a9788194411123 |
||
| 035 | _aU-9651 | ||
| 037 | _bDBAD/PUB | ||
| 082 | _aک | ||
| 100 | _aفا ر و ق ر ا ہب | ||
| 245 |
_aلا محسو س : ا فسا نو ں کا سا تو ا ں مجمو عہ _cفا ر و ق ر ا ہب |
||
| 246 |
_aLaa Mehsoos (Urdu) _bby Farooq Rahib |
||
| 260 |
_aN.D. _c2020 ء _bApplied Books |
||
| 270 |
_a1739/104, Darya Ganj Patoudi house _bN Delhi _e110002 _l- |
||
| 300 |
_a116 ص _c22 Cm(Hb) |
||
| 942 |
_2ddc _cUR _hک _mف ا ر |
||